Zeitgeschichte im Gespräch
| Corporate Author: | |
|---|---|
| Format: | Print Series/Journal |
| Language: | German |
| Published: |
Berlin
Metropol
2007-
Berlin München Boston, Mass. De Gruyter Oldenbourg 2014-2019 München Oldenbourg 2007-2014 |
| In: | Year: 2007 |
| Check availability: | HBZ Gateway |
| Subito Delivery Service: | Order now. |
| Volumes / Articles: | Show volumes/articles. |
| Keywords: |
MARC
| LEADER | 00000cas a2200000 c 4500 | ||
|---|---|---|---|
| 001 | 523471114 | ||
| 003 | DE-627 | ||
| 005 | 20260207123801.0 | ||
| 007 | tu | ||
| 008 | 070130c20079999gw z| m| 0 |0ger c | ||
| 015 | |a 07,A17,1656 |2 dnb | ||
| 016 | 7 | |a 982921438 |2 DE-101 | |
| 016 | 7 | |a 2268136-X |2 DE-600 | |
| 022 | |a 2190-2054 | ||
| 035 | |a (DE-627)523471114 | ||
| 035 | |a (DE-576)256418195 | ||
| 035 | |a (DE-599)ZDB2268136-X | ||
| 035 | |a (OCoLC)1368556885 | ||
| 040 | |a DE-627 |b ger |c DE-627 |e rakwb | ||
| 041 | |a ger | ||
| 044 | |c XA-DE | ||
| 082 | 0 | 4 | |a 050 |q DE-101 |
| 082 | 0 | 4 | |a 900 |q DE-600 |
| 222 | 0 | |a Zeitgeschichte im Gespräch | |
| 245 | 0 | 0 | |a Zeitgeschichte im Gespräch |c hrsg. vom Institut für Zeitgeschichte |
| 246 | 1 | |i Nebent |a ZiG | |
| 264 | 3 | 1 | |a Berlin |b Metropol |c 2007- |
| 264 | 2 | 1 | |a Berlin |a München |a Boston, Mass. |b De Gruyter Oldenbourg |c 2014-2019 |
| 264 | 2 | 1 | |a München |b Oldenbourg |c 2007-2014 |
| 300 | |c Format schwankt | ||
| 336 | |a Text |b txt |2 rdacontent | ||
| 337 | |a ohne Hilfsmittel zu benutzen |b n |2 rdamedia | ||
| 338 | |a Band |b nc |2 rdacarrier | ||
| 362 | 0 | |a 1.2007 - | |
| 363 | 0 | 1 | |a 1 |i 2007 |
| 515 | |a Ersch. unregelmäßig | ||
| 655 | 7 | |a Monografische Reihe |0 (DE-588)4179998-7 |0 (DE-627)104628669 |0 (DE-576)209995106 |2 gnd-content | |
| 710 | 2 | |a Institut für Zeitgeschichte München-Berlin |e Herausgebendes Organ |0 (DE-588)2014524-X |0 (DE-627)101834179 |0 (DE-576)191687529 |4 isb | |
| 776 | 1 | |x 2190-2062 | |
| 889 | |w (DE-603)183853687 | ||
| 935 | |i sdedup20221114 | ||
| 936 | s | n | |a a100 |2 mzub |
| 951 | |a ST | ||
| ELC | |b 1 | ||
| LOK | |0 000 xxxxxcx a22 zn 4500 | ||
| LOK | |0 001 2602232599 | ||
| LOK | |0 003 DE-627 | ||
| LOK | |0 004 523471114 | ||
| LOK | |0 005 20090608083320 | ||
| LOK | |0 008 090608||||||||||||||||ger||||||| | ||
| LOK | |0 040 |a DE-21 |c DE-627 |d DE-21 | ||
| LOK | |0 852 |a DE-21 | ||
| LOK | |0 852 1 |9 00 | ||
| LOK | |0 939 |a 08-06-09 |b l01 | ||
| LOK | |0 000 xxxxxcx a22 zn 4500 | ||
| LOK | |0 001 2602637890 | ||
| LOK | |0 003 DE-627 | ||
| LOK | |0 004 523471114 | ||
| LOK | |0 005 20090612145755 | ||
| LOK | |0 008 090612||||||||||||||||ger||||||| | ||
| LOK | |0 040 |a DE-21-58 |c DE-627 |d DE-21-58 | ||
| LOK | |0 852 |a DE-21-58 | ||
| LOK | |0 852 1 |m p |9 00 | ||
| LOK | |0 935 |a tsh0 | ||
| LOK | |0 938 |a 0905 | ||
| LOK | |0 938 |k p | ||
| LOK | |0 939 |a 12-06-09 |b l01 | ||
| LOK | |0 000 xxxxxcx a22 zn 4500 | ||
| LOK | |0 001 2632080932 | ||
| LOK | |0 003 DE-627 | ||
| LOK | |0 004 523471114 | ||
| LOK | |0 005 20100414123846 | ||
| LOK | |0 008 100414||||||||||||||||ger||||||| | ||
| LOK | |0 040 |a DE-21-106 |c DE-627 |d DE-21-106 | ||
| LOK | |0 852 |a DE-21-106 | ||
| LOK | |0 852 1 |m p |9 00 | ||
| LOK | |0 935 |a k106 |a i106 | ||
| LOK | |0 938 |k p | ||
| LOK | |0 939 |a 14-04-10 |b l01 | ||
| LOK | |0 000 xxxxxcx a22 zn 4500 | ||
| LOK | |0 001 2636075461 | ||
| LOK | |0 003 DE-627 | ||
| LOK | |0 004 523471114 | ||
| LOK | |0 005 20100518145642 | ||
| LOK | |0 008 100518||||||||||||||||ger||||||| | ||
| LOK | |0 040 |a DE-Frei85 |c DE-627 |d DE-Frei85 | ||
| LOK | |0 852 |a DE-Frei85 | ||
| LOK | |0 852 1 |m p |9 00 | ||
| LOK | |0 938 |k p | ||
| LOK | |0 939 |a 18-05-10 |b l01 | ||
| ORI | |a SA-MARC-krimdokb001.raw | ||
| SPR | |a 1 |t KRI | ||
